000 00316nam a2200145Ia 4500
008 100122s9999 xx 000 0 und d
082 _b40047
_a823
100 _aWEALE ANNE
245 _aECSTASY
260 _bMILLS & BOON LTD
_c1983
300 _a188
630 _aECSTASY
730 _aECSTASY
942 _cBOOK
999 _c372243
_d372240